|
|
|
|
| LEADER |
01952nam a2200457 i 4500 |
| 001 |
EBC1707227 |
| 003 |
MiAaPQ |
| 005 |
20200520144314.0 |
| 006 |
m o d | |
| 007 |
cr cnu|||||||| |
| 008 |
140618t20132013sa ob 000 0 eng d |
| 020 |
|
|
|z 9780798304528
|
| 020 |
|
|
|a 9780798304559
|q (electronic bk.)
|
| 035 |
|
|
|a (MiAaPQ)EBC1707227
|
| 035 |
|
|
|a (Au-PeEL)EBL1707227
|
| 035 |
|
|
|a (CaPaEBR)ebr10879031
|
| 035 |
|
|
|a (CaONFJC)MIL663255
|
| 035 |
|
|
|a (OCoLC)884543812
|
| 040 |
|
|
|a MiAaPQ
|b eng
|e rda
|e pn
|c MiAaPQ
|d MiAaPQ
|
| 043 |
|
|
|a f------
|
| 050 |
|
4 |
|a HC800
|b .P477 2013
|
| 082 |
0 |
|
|a 330.96
|2 23
|
| 245 |
0 |
0 |
|a Perspectives on thought leadership for Africa's renewal /
|c edited by Kwandiwe Kondlo.
|
| 264 |
|
1 |
|a Pretoria, South Africa :
|b Africa Institute of South Africa,
|c 2013.
|
| 264 |
|
4 |
|c 2013
|
| 300 |
|
|
|a 1 online resource (726 pages)
|
| 336 |
|
|
|a text
|2 rdacontent
|
| 337 |
|
|
|a computer
|2 rdamedia
|
| 338 |
|
|
|a online resource
|2 rdacarrier
|
| 504 |
|
|
|a Includes bibliographical references at the end of each chapters.
|
| 588 |
|
|
|a Description based on online resource; title from PDF title page (ebrary, viewed June 15, 2014).
|
| 590 |
|
|
|a Electronic reproduction. Ann Arbor, MI : ProQuest, 2015. Available via World Wide Web. Access may be limited to ProQuest affiliated libraries.
|
| 651 |
|
0 |
|a Africa
|x Economic conditions
|y 21st century.
|
| 651 |
|
0 |
|a Africa
|x Social conditions
|y 21st century.
|
| 651 |
|
0 |
|a Africa
|x Politics and government
|y 21st century.
|
| 651 |
|
0 |
|a Africa
|x Civilization
|y 21st century.
|
| 655 |
|
4 |
|a Electronic books.
|
| 700 |
1 |
|
|a Kondlo, Kwandiwe,
|e editor.
|
| 776 |
0 |
8 |
|i Print version:
|t Perspectives on thought leadership for Africa's renewal.
|d Pretoria, South Africa : Africa Institute of South Africa, c2013
|h xxiv, 688 pages
|z 9780798304528
|
| 797 |
2 |
|
|a ProQuest (Firm)
|
| 856 |
4 |
0 |
|u https://ebookcentral.proquest.com/lib/matrademy/detail.action?docID=1707227
|z Click to View
|